| 000 | 00526nam a22001697a 4500 | ||
|---|---|---|---|
| 999 |
_c525732 _d525732 |
||
| 003 | NUST | ||
| 005 | 20190704061702.0 | ||
| 038 | _aFaiza | ||
| 082 |
_a891.4911092 _bMUH |
||
| 100 |
_aMuhammad Munir Ahmad Salich _916671 |
||
| 245 |
_aPeer Fazal Gujrati _b(Hiati ty baqi Kalam) / _cMuhammad Munir Ahmad Salich |
||
| 300 | _a332p. ; | ||
| 500 | _aHad Cover | ||
| 880 |
_6100-01\r _aمحمد منیر احمد سلیچ |
||
| 880 |
_6245-02\r _aپیر فضل گجراتی، حیاتی تے باقی کلام |
||
| 942 |
_2ddc _cBK |
||